000 00526nam a2200193Ia 4500
005 20250326123730.0
008 250326s9999 xx 000 0 und d
037 _aTextbook
040 _aFMSL
_beng
_cFMSL
041 _aeng
_2eng
084 _aX:8c P5;1
_qFMSL
100 _aBanerjee A
_926944
245 0 _aFicial accounting: managerial emphasis
_cBanerjee A
250 _a2
260 _aNew Delhi
_bNew Delhi, Excel Books
_c2005
300 _a702p
942 _cTB
_hX:8c P5;1
999 _c1270706
_d1270706